<?xml version="1.0" encoding="UTF-8"?>
<record
    xmlns:xsi="http://www.w3.org/2001/XMLSchema-instance"
    xsi:schemaLocation="http://www.loc.gov/MARC21/slim http://www.loc.gov/standards/marcxml/schema/MARC21slim.xsd"
    xmlns="http://www.loc.gov/MARC21/slim">

  <leader>00987nam a2200229Ia 4500</leader>
  <controlfield tag="003">OSt</controlfield>
  <controlfield tag="005">20211020164718.0</controlfield>
  <controlfield tag="008">210310s1989    ck     gr     000 0 spa d</controlfield>
  <datafield tag="040" ind1=" " ind2=" ">
    <subfield code="a">CO-JMCR</subfield>
    <subfield code="c">CO-JMCR</subfield>
  </datafield>
  <datafield tag="041" ind1="0" ind2=" ">
    <subfield code="a">spa</subfield>
  </datafield>
  <datafield tag="082" ind1="0" ind2="4">
    <subfield code="a">338.961 /</subfield>
    <subfield code="b">C718p</subfield>
    <subfield code="2">23</subfield>
  </datafield>
  <datafield tag="110" ind1="1" ind2=" ">
    <subfield code="a">Colombia.</subfield>
    <subfield code="b">Presidencia de la Rep&#xFA;blica</subfield>
    <subfield code="9">2972</subfield>
  </datafield>
  <datafield tag="245" ind1="1" ind2="0">
    <subfield code="a">Programa especial de cooperaci&#xF3;n / </subfield>
    <subfield code="c">Presidencia de la Rep&#xFA;blica con la colaboraci&#xF3;n del Programa de las Naciones Unidas para el Desarrollo</subfield>
  </datafield>
  <datafield tag="260" ind1=" " ind2=" ">
    <subfield code="a">Bogot&#xE1; : </subfield>
    <subfield code="b">Presidencia de la Rep&#xFA;blica, </subfield>
    <subfield code="c">1989</subfield>
  </datafield>
  <datafield tag="300" ind1=" " ind2=" ">
    <subfield code="b">186 p&#xE1;ginas ; </subfield>
    <subfield code="c">28 cm.</subfield>
  </datafield>
  <datafield tag="505" ind1="1" ind2=" ">
    <subfield code="g">V.3.</subfield>
    <subfield code="t">Lucha contra los cultivos il&#xED;citos, defensa de la democracia y programas complementarios</subfield>
  </datafield>
  <datafield tag="650" ind1="1" ind2="4">
    <subfield code="a">Erradicaci&#xF3;n de cultivos il&#xED;citos</subfield>
    <subfield code="9">17738</subfield>
    <subfield code="v">Programas</subfield>
    <subfield code="z">Colombia</subfield>
  </datafield>
  <datafield tag="650" ind1="2" ind2="4">
    <subfield code="a">Protecci&#xF3;n de jueces</subfield>
    <subfield code="v">Programas</subfield>
    <subfield code="z">Colombia</subfield>
    <subfield code="9">41234</subfield>
  </datafield>
  <datafield tag="650" ind1="2" ind2="4">
    <subfield code="a">Defensa de la libertad de prensa</subfield>
    <subfield code="v">Programas</subfield>
    <subfield code="z">Colombia</subfield>
    <subfield code="9">41235</subfield>
  </datafield>
  <datafield tag="650" ind1="2" ind2="4">
    <subfield code="a">Adultos j&#xF3;venes</subfield>
    <subfield code="v">Programas</subfield>
    <subfield code="z">Colombia</subfield>
    <subfield code="9">41236</subfield>
  </datafield>
  <datafield tag="942" ind1=" " ind2=" ">
    <subfield code="2">ddc</subfield>
    <subfield code="c">BK</subfield>
  </datafield>
  <datafield tag="999" ind1=" " ind2=" ">
    <subfield code="c">8597</subfield>
    <subfield code="d">8597</subfield>
  </datafield>
  <datafield tag="952" ind1=" " ind2=" ">
    <subfield code="0">0</subfield>
    <subfield code="1">0</subfield>
    <subfield code="2">ddc</subfield>
    <subfield code="4">0</subfield>
    <subfield code="7">0</subfield>
    <subfield code="8">NFIC</subfield>
    <subfield code="a">CPL</subfield>
    <subfield code="b">CPL</subfield>
    <subfield code="d">2018-04-15</subfield>
    <subfield code="e">Donaci&#xF3;n</subfield>
    <subfield code="o">338.961 / C718p</subfield>
    <subfield code="p">430000611</subfield>
    <subfield code="r">2024-05-16 00:00:00</subfield>
    <subfield code="t">V.3 / Ej.1</subfield>
    <subfield code="y">BK</subfield>
  </datafield>
</record>
